| 000 -LEADER |
| fixed length control field |
01528 a2200241 4500 |
| 003 - CONTROL NUMBER IDENTIFIER |
| control field |
NUST |
| 005 - DATE AND TIME OF LATEST TRANSACTION |
| control field |
20221123172647.0 |
| 010 ## - LIBRARY OF CONGRESS CONTROL NUMBER |
| LC control number |
88026657 |
| 020 ## - INTERNATIONAL STANDARD BOOK NUMBER |
| International Standard Book Number |
0070602344 |
| 040 ## - CATALOGING SOURCE |
| Transcribing agency |
Nust |
| 082 00 - DEWEY DECIMAL CLASSIFICATION NUMBER |
| Classification number |
519.5,SPI |
| 100 1# - MAIN ENTRY--PERSONAL NAME |
| Personal name |
Spiegel, Murray R. |
| 245 10 - TITLE STATEMENT |
| Title |
Schaum's outline statistics / |
| Statement of responsibility, etc. |
Murray R. Spiegel. and Larry J Stephens |
| 250 ## - EDITION STATEMENT |
| Edition statement |
3rd ed. |
| 260 ## - PUBLICATION, DISTRIBUTION, ETC. |
| Place of publication, distribution, etc. |
Islamabad : |
| Name of publisher, distributor, etc. |
National Book Foundation |
| Date of publication, distribution, etc. |
c1988. |
| 300 ## - PHYSICAL DESCRIPTION |
| Extent |
537 p. : |
| Other physical details |
ill. ; |
| Dimensions |
28 cm. |
| 440 #0 - SERIES STATEMENT/ADDED ENTRY--TITLE |
| Title |
Schaum's outline series. |
| 9 (RLIN) |
8664 |
| 505 ## - FORMATTED CONTENTS NOTE |
| Formatted contents note |
Variables and Graphs (Page-1), Frequency Distributions (Page-36), The Mean Median, Mode and Other Measures of Central Tendency (Page-58), The Standard Devotion and Other Measures of Dispersion (Page-89), Moments, Skewness and Kurtosis (Page-114), Elementary Probability Theory (Page-127), The Binomial , Normal and Poisson Distributions (Page-155), Elementary Sampling Theory (Page-181), Statistical Estimation Theory (Page-201), Statistical Decision Theory (Page-216), Small Sampling Theory (Page-242), The Chi-Square Test (Page-261), Curve Fitting and The Method of Least Squares (Page-281), Correlation Theory (Page-311), Multiple and Partial Correlation(Page-345), Analysis of Variance (Page-362), Nonparametric Test (Page-402), Analysis of Time Series (Page-434), Statistical Process Control and Process Capability (Page-470). |
| 650 #0 - SUBJECT ADDED ENTRY--TOPICAL TERM |
| Topical term or geographic name entry element |
Statistics |
| General subdivision |
Problems, exercises, etc. |
| 9 (RLIN) |
88327 |
| 740 0# - ADDED ENTRY--UNCONTROLLED RELATED/ANALYTICAL TITLE |
| Uncontrolled related/analytical title |
Statistics. |
| 740 0# - ADDED ENTRY--UNCONTROLLED RELATED/ANALYTICAL TITLE |
| Uncontrolled related/analytical title |
Theory and problems of statistics. |
| 942 ## - ADDED ENTRY ELEMENTS (KOHA) |
| Source of classification or shelving scheme |
|
| Koha item type |
Book |
| Call number prefix |
519.5,SPI |